00680cam a2200169 a 4500020001500000020001500015040001000030082002600040100002000066245002400086260003400110300003600144520028900180650001900469650001200488650001000500 a0370328787 a037032823X cIEKBA00a823 BOD 2005 A093 Or.1 aThompson, Kate,14aThe new policeman / aLondon :bBodley Head,c2005. a407 p. :bsheet music ;c22 cm. aIrish teenager JJ Liddy discovers that time is leaking from his world into Tir na nOg, the land of the fairies, and when he attempts to stop the leak he finds out a lot about his family history, the music that he loves, and a crime his great-grandfather may or may not have committed. 1aSpace and time 1aFairies 1aMusic